000 00243nam a22001217a 4500
040 _cSK
082 _a639
100 _aNA
245 _aFeed management in intensive aquaculture
260 _aNEW YORK
_bNA
_cNA
300 _a194p.
942 _cEK
999 _c8913
_d8913